Slovenië Trivia Quiz - Statistieken

Algemene statistieken
  • Deze quiz is 465 keer genomen
  • De gemiddelde score is 12 van 19
Antwoordstatistieken
Hint Antwoord % Correct
Aangrenzende landen Italië
97%
Aangrenzende landen Kroatië
95%
Aangrenzende landen Oostenrijk
94%
Officiële taal Sloveens
94%
Hoofdstad Ljubljana
93%
Valuta van Slovenië Euro
90%
Aangrenzende landen Hongarije
90%
Land waaruit Slovenië in 1991 onafhankelijk werd Joegoslavië
82%
Het deel van de Middellandse Zee dat aan Slovenië grenst {Adriatische} zee
71%
In Slovenië geboren model, die First Lady van de VS is geworden Melania Trump
66%
Gebergte waarin de bovenstaande zich bevindt Julische {Alpen}
58%
Tussen 1880 en 1910 emigreerde naar schatting 1/6e van de Slovenen, voornamelijk naar dit land Verenigde Staten
53%
Type gebouw dat je kunt bezoeken op een klein eiland midden in het meer van Bled Kerk
51%
Op één na grootste stad Maribor
38%
Blinde watersalamanders, bekend als "olm", leven in Slovenië. Waar zou je ze kunnen vinden? In {grot}ten
32%
Hoogste berg, afgebeeld op de vlag Mount {Triglav}
28%
Noem een van de drie grote rivieren die door Slovenië stromen Sava | Drava | Mura
26%
West-Slovenië staat bekend als de Sloveense Littoral. Wat is de betekenis van het woord "littoral"? Kust
25%
Voormalige valuta van Slovenië Tolar
20%
Geen overeenkomende quizzen gevonden
Scoreverdeling
Procent van Mensen met Elke Score
Percentiel versus Aantal Correcte Antwoorden
Uw Scoregeschiedenis
U heeft deze quiz nog niet genomen